Paises e suas Capitais # 1 - Statistics

Estatísticas Gerais
  • Esse quiz foi jogado 295 vezes
  • A pontuação média é 8 de 20
Estatísticas das Respostas
Cont Hint Resposta % Correto
Europa A - V Aústria - Viena
86%
ASul B - B Brasil - Brasília
80%
Europa F - P França - Paris
74%
Europa E - M Espanha - Madrid
60%
Asia J - T Japão - Tóquio
60%
Europa D - C Dinamarca - Copenhaga
50%
Europa H - B Hungria - Budapeste
50%
ACentral G - G Guatemala - Cidade da Guatemala
47%
Africa D - D Djibuti - Djibuti
46%
Asia I - J Indonésia - Jacarta
43%
ACentral H - T Honduras - Tegucigalpa
40%
Africa C - Y Camarões - Yaoundé
38%
O F - S Fiji - Suva
32%
Asia B - BSB Brunei - Bandar Seri Begawan
28%
MO J - A Jordânia - Amã
25%
Europa A - E Arménia - Erevan
18%
MO I - S Iémen - Sana
14%
Europa G - T Geórgia - Tiblisi
9%
Europa E - B Eslováquia - Brastilava
2%
Africa CM - I Costa Marfim - Iamussucro
0%
Nenhum quiz correspondente encontrado
Distribuição das Pontuações
Porcentagem de Pessoas com Cada Pontuação
Percentil de Números Respondidos
Sua Pontuação Histórica
Você não jogou esse quiz